000
00312nam a2200121Ia 4500
008
220217s9999||||xx |||||||||||||| ||und||
082
_a
658.402 01 CSR
100
_a
CSR
245
0
_a
MAT: Management aptitude test
260
_a
CSR Publication
_b
New Delhi
_c
2007
300
_b
425
650
_a
GENERAL BOOKS
999
_c
175711
_d
175711